El arte en Grecia
Na minha lista:
| Principais autores: | , |
|---|---|
| Formato: | Livro |
| Idioma: | espanhol |
| Publicado em: |
Ciudad de México
UTEHA
1961
|
| Edição: | Segunda edición |
| coleção: | La evolución de la humanidad,
13 |
| Assuntos: | |
| Tags: |
Adicionar Tag
Sem tags, seja o primeiro a adicionar uma tag!
|
MARC
| LEADER | 00000nam a2200000 a 4500 | ||
|---|---|---|---|
| 001 | UCP3242 | ||
| 003 | CL-VaPUC | ||
| 005 | 20240729152355.0 | ||
| 008 | 990611e19610000MX |||||||||||||||||spa|d | ||
| 999 | |c 281621 |d 281619 | ||
| 040 | |c Pontificia Universidad Católica de Valparaíso | ||
| 082 | 0 | 4 | |a 709.012 RID 1969 |2 21 |
| 100 | 0 | |a Ridder, André de |e author |9 430421 | |
| 245 | 1 | 3 | |a El arte en Grecia |
| 250 | |a Segunda edición | ||
| 260 | |a Ciudad de México |b UTEHA |c 1961 | ||
| 300 | |a 308 páginas | ||
| 490 | 0 | |a La evolución de la humanidad, |v 13 | |
| 583 | |a last modification |c 19990611 00:00:00 |k Rodrigo Vera | ||
| 650 | 0 | |a Arte |v Historia |9 267548 | |
| 650 | 0 | |a Arte griego |9 267884 | |
| 650 | 7 | |a ESCULTURA GRIEGA |2 CL-VaPUC |9 268749 | |
| 650 | 0 | |a Arquitectura griega |9 314421 | |
| 651 | 0 | |a Grecia |9 265314 | |
| 700 | 0 | |a Deonna, Waldemar |e author |9 430422 | |
| 942 | |c BK |2 ddc | ||
| 945 | |d 19990611 00:00:00 |a lriquelm | ||
| 952 | |0 0 |1 0 |4 0 |6 709_012000000000000_RID_1961 |7 0 |8 A |9 322496 |a BIBHIS |b BIBHIS |d 2019-11-20 |i 1361953 |o 709.012 RID 1961 |p 1361953 |r 2025-01-20 |w 2019-11-20 |y BK |k HIS | ||